| 000 | 01437nam a2200361Ia 4500 | ||
|---|---|---|---|
| 001 | ebr10645954 | ||
| 003 | CaPaEBR | ||
| 006 | m u | ||
| 007 | cr cn||||||||| | ||
| 008 | 121019s2013 ne a sb 001 0 eng d | ||
| 010 | _z 2012038876 | ||
| 020 | _z9789004232648 (alk. paper) | ||
| 020 | _z9789004232655 (ebook) | ||
| 040 |
_aCaPaEBR _cCaPaEBR |
||
| 035 | _a(OCoLC)828895469 | ||
| 050 | 1 | 4 |
_aHD1131 _b.S48 2013eb |
| 082 | 0 | 4 |
_a333.3/1091724 _223 |
| 245 | 0 | 0 |
_aSettler economies in world history _h[electronic resource] / _cedited by Christopher Lloyd, Jacob Metzer, Richard Sutch. |
| 260 |
_aLeiden ; _aBoston : _bBrill, _c2013. |
||
| 300 |
_axxiii, 605 p. : _bill. |
||
| 490 | 0 |
_aGlobal economic history series, _x1872-5155 ; _vvol. 9 |
|
| 504 | _aIncludes bibliographical references and index. | ||
| 533 |
_aElectronic reproduction. _bPalo Alto, Calif. : _cebrary, _d2013. _nAvailable via World Wide Web. _nAccess may be limited to ebrary affiliated libraries. |
||
| 650 | 0 |
_aIndigenous peoples _zDeveloping countries. |
|
| 650 | 0 |
_aLand settlement _zDeveloping countries. |
|
| 651 | 0 |
_aEurope _xColonies. |
|
| 655 | 7 |
_aElectronic books. _2local |
|
| 700 | 1 |
_aLloyd, Christopher, _d1950- |
|
| 700 | 1 | _aMetzer, Jacob. | |
| 700 | 1 | _aSutch, Ricchard. | |
| 710 | 2 | _aebrary, Inc. | |
| 856 | 4 | 0 |
_uhttp://site.ebrary.com/lib/rucke/Doc?id=10645954 _zAn electronic book accessible through the World Wide Web; click to view |
| 999 |
_c45241 _d45241 |
||